5HLuxD.jpg

KING HENRY VIII SENIOR AND PRIMARY SCHOOL LIBRARY OPAC

Alfie gives a hand / (Record no. 2778)

000 -LEADER
fixed length control field 01114cam a2200301 a 4500
001 - CONTROL NUMBER
control field 000804921
003 - CONTROL NUMBER IDENTIFIER
control field OSt
005 - DATE AND TIME OF LATEST TRANSACTION
control field 20230821093238.0
008 - FIXED-LENGTH DATA ELEMENTS--GENERAL INFORMATION
fixed length control field 161018r20091983enka c 000 j eng
010 ## - LIBRARY OF CONGRESS CONTROL NUMBER
LC control number 2008353334
020 ## - INTERNATIONAL STANDARD BOOK NUMBER
International Standard Book Number 9781862307858
Qualifying information (pbk.) :
040 ## - CATALOGING SOURCE
Original cataloging agency NTL
Language of cataloging eng
Transcribing agency NTL
Description conventions aacr2
Modifying agency KH8
042 ## - AUTHENTICATION CODE
Authentication code nbic
082 0# - DEWEY DECIMAL CLASSIFICATION NUMBER
Classification number 808.063 HUG
Edition number 22
100 1# - MAIN ENTRY--PERSONAL NAME
Personal name Hughes, Shirley
Dates associated with a name 1927-
Relator term author
245 10 - TITLE STATEMENT
Title Alfie gives a hand /
Statement of responsibility, etc. Shirley Hughes.
250 ## - EDITION STATEMENT
Edition statement Red Fox ed.
260 ## - PUBLICATION, DISTRIBUTION, ETC.
Place of publication, distribution, etc. London :
Name of publisher, distributor, etc. Red Fox,
Date of publication, distribution, etc. c2009.
300 ## - PHYSICAL DESCRIPTION
Extent 1 volume (unpaged) :
Other physical details color illustrations ;
Dimensions 26 cm.
336 ## - CONTENT TYPE
Content type term text
Content type code txt
Source rdacontent.
337 ## - MEDIA TYPE
Media type term unmediated
Media type code n
Source rdamedia.
338 ## - CARRIER TYPE
Carrier type term volume
Carrier type code nc
Source rdacarrier.
500 ## - GENERAL NOTE
General note Originally published: London : Bodley Head, 1983.
520 ## - SUMMARY, ETC.
Summary, etc. Holding tightly to his old bit of blanket as he attends his first birthday party, Alfie finds a way to be helpful, but it means putting down his blanket first.
650 #0 - SUBJECT ADDED ENTRY--TOPICAL TERM
Topical term or geographic name entry element Alfie (Fictitious character : Hughes)
Form subdivision Pictorial works
-- Juvenile fiction.
650 #0 - SUBJECT ADDED ENTRY--TOPICAL TERM
Topical term or geographic name entry element Birthdays
Form subdivision Pictorial works
-- Juvenile fiction.
942 ## - ADDED ENTRY ELEMENTS (KOHA)
Source of classification or shelving scheme
Koha item type Books - Fiction
Holdings
Withdrawn status Lost status Source of classification or shelving scheme Damaged status Not for loan Collection code Permanent Location Current Location Shelving location Date acquired Total Checkouts Full call number Barcode Date last seen Date last checked out Price effective from Koha item type
          Fiction KH8 Primary School Library KH8 Primary School Library Non Fiction 2023-08-21 7 808.063 HUG KHPL000004290 2026-01-26 2026-01-19 2023-08-21 Books - Fiction

Powered By KH8 IT Dept